000 00760nam a22002417a 4500
005 20251108172740.0
008 250721s2001 xx 000 0 ara d
082 1 4 _a658.401/هل
100 1 _aجونز، جاريت
_eمؤلف
245 1 0 _aالإدارة الإستراتيجية /
264 1 _aالرياض :
_bدار المريخ،
_c2001.
300 _aج
650 1 7 _aإدارة الأعمال
650 1 7 _aالسياسة الإقتصادية
650 1 7 _aتنظيم العمل
650 1 7 _aالتخطيط الإقتصادي
650 1 7 _aمراقبة الإنتاج
650 1 7 _aالتخطيط التنظيمي
700 1 _aرفاعي، رفاعي
_eمترجم
700 1 _aهل، شارلز
942 _2ddc
_cBK
999 _c87512
_d87512